| 000 -ლიდერი |
| ფიქსირებული სიგრძის საკონტროლო ველი |
01651nam a2200337Ia 4500 |
| 001 - საკონტროლო ნომერი |
| საკონტროლო ველი |
21131 |
| 003 - საკონტროლო ნომრის იდენტიფიკატორი |
| საკონტროლო ველი |
GE_BSU |
| 005 - ბოლო ოპერაციის თარიღი და დრო |
| საკონტროლო ველი |
20210712182419.0 |
| 008 - ფიქსირებული სიგრძის მონაცემთა ელემენტები - ზოგადი ინფორმაცია |
| ფიქსირებული სიგრძის საკონტროლო ველი |
181216s2016||||ge |||||||||||||| ||geo|| |
| 020 ## - წიგნის საერთაშორისო სტანდარტული ნომერი |
| International Standard Book Number |
9789941244094 |
| 040 ## - კატალოგიზაციის წყარო |
| Transcribing agency |
GE_BSU |
| 041 ## - ენის კოდი |
| Language code of text/sound track or separate title |
geo |
| 080 ## - უნივერსალური ათობითი კლასიფიკაციის ინდექსი |
| Universal Decimal Classification number |
005.8 პ-63 |
| 100 ## - მთავარი ჩანაწერი - პიროვნების სახელი |
| Personal name |
პორტნი, სტენლი ი. |
| 9 (RLIN) |
12241 |
| 245 ## - ცნობა სათაურის შესახებ |
| Title |
პროექტის მართვა მარტივად / |
| Statement of responsibility, etc |
სტენლი ი. პორტნი ; მთარგმნელი სოფიო ხუნდაძე ; რედაქტორი ლია შარვაშიძე ; დიზაინერი თეკლა გიაშვილი. |
| 264 ## - წარმოების, გამოცემის, დისტრიბუციის და სხვა ცნობები |
| გამოცემის, წარმოების, დისტრიბუციის... ადგილი |
თბილისი : |
| გამოცემის, წარმოების, დისტრიბუციის... სახელწოდება |
პალიტრა L, |
| გამოცემის, წარმოების, დისტრიბუციის... თარიღი |
2016. |
| 300 ## - ფიზიკური აღწერა |
| Extent |
424 გვ. : |
| Other physical details |
ილ. ; |
| Dimensions |
23 სმ. |
| 490 ## - სერიის ცნობა |
| Series statement |
ლურჯი ოკეანე - წარმატების ბიბლიოთეკა |
| 653 ## - INDEX TERM--UNCONTROLLED |
| Uncontrolled term |
მენეჯმენტი |
| 653 ## - INDEX TERM--UNCONTROLLED |
| Uncontrolled term |
მენეჯმენტი |
| 653 ## - INDEX TERM--UNCONTROLLED |
| Uncontrolled term |
მართვა |
| 653 ## - INDEX TERM--UNCONTROLLED |
| Uncontrolled term |
ბიზნესი |
| 653 ## - INDEX TERM--UNCONTROLLED |
| Uncontrolled term |
პროექტის მართვის საწყისი ფაზა |
| 653 ## - INDEX TERM--UNCONTROLLED |
| Uncontrolled term |
დროის დაგეგმვა
|
| 653 ## - INDEX TERM--UNCONTROLLED |
| Uncontrolled term |
რესურსების რაოდენობისა და დროის განსაზღვრა |
| 653 ## - INDEX TERM--UNCONTROLLED |
| Uncontrolled term |
ჯგუფური მუშაობა |
| 653 ## - INDEX TERM--UNCONTROLLED |
| Uncontrolled term |
გუნდის შეკვრა |
| 653 ## - INDEX TERM--UNCONTROLLED |
| Uncontrolled term |
პროექტის წარმატებით მართვა |
| 942 ## - ADDED ENTRY ELEMENTS (KOHA) |
| Koha item type |
წიგნი |
| Source of classification or shelving scheme |
|